000
00267nam a2200109Ia 4500
008
220204s9999 xx 000 0 und d
082
_a
82-3MB
_b
COR
100
_a
Cork, Dorothy
245
4
_a
The Kurranulla round
260
_a
London
_b
Mills and Boon
_c
1979
942
_c
BK
999
_c
35726
_d
35726